000 004910000a22001690004500
003 MACL
005 20191117133327.0
008 191117b xxu||||| |||| 00| 0 eng d
040 _cmacl
082 _a741.642
100 _aवत्‍स्‍य , सन्‍तराम
_964459
245 _aमहाभारत
260 _bदिल्‍ली
_cज्ञान भारती
_a1979
350 _a14
650 _aबालकक्ष
_970490
942 _cHIN
_k741.642
_2ddc
999 _c27510
_d27510